The “Orientalization” and “de-Orientalization” of East Central Europe and the Balkan Peninsula

Titel: The “Orientalization” and “de-Orientalization” of East Central Europe and the Balkan Peninsula / Robert Bideleux
Verfasser:
In: Journal of contemporary Central and Eastern Europe, Band 23, Heft 1 (2015), Seite 9-44
alle Artikel anzeigen
Veröffentlicht: 2015
Format: Aufsatz
Sprache: Englisch
Schlagworte:
Kein Bild verfügbar
X
alg: 46881442
001A    $03025:08-09-20 
001B    $01999:08-09-20 $t22:53:43.000 
001D    $03025:08-09-20 
001U    $0utf8 
001X    $00 
002@    $0Oou 
002C    $aText $btxt $2rdacontent 
002D    $aComputermedien $bc $2rdamedia 
002E    $aOnline-Ressource $bcr $2rdacarrier 
003@    $0468814426 
004P    $010.1080/0965156X.2015.1068581 
007A    $0468814426 $aHEB 
010@    $aeng 
010E    $erda 
011@    $a2015 
021A    $aThe @“Orientalization” and “de-Orientalization” of East Central Europe and the Balkan Peninsula $hRobert Bideleux 
028A    $BVerfasser $4aut $7135782864 $8Bideleux, Robert$Z1951- [Tp3] $9201423138 
031A    $d23 $e1 $h9-44 $j2015 
039B    $aEnthalten in $8--Obvc--. Journal of contemporary Central and Eastern Europe. - Abingdon, Ofordshire : Routlegde, Taylor & Francis Group, 2015-. - Online-Ressource. - ISSN 2573-9646 $x201500000230001991 $9426937147 
044K    $RMitteleuropa $RVisegrád-Staaten $ROsteuropa $#Ostmitteleuropa $#Ostmitteleuropa $#Mitteleuropa, Ost $#Central Europe Ostmitteleuropa $#Mittelosteuropa $74075753-5 $8Ostmitteleuropa [Tg1] $9085214485 
044K    $RSüdosteuropa $#Balkanländer $#Balkanstaaten $#Balkan im weiteren Sinn $74004334-4 $8Balkanhalbinsel [Tg1] $9085003379 
044K    $RKulturtheorie $RExotismus $#Orientalism $#Orientalisme $#Orientalismus $#Orientalism Kulturwissenschaften $71139293370 $8Orientalismus$gKulturwissenschaften [Ts1] $9416251951 
044K    $RVorurteil $RBild $RStereotypisierung $#Stereotypes (Social psychology) $#Stéréotype (psychologie) $#Stereotyp $#Stereotyp $#Sozialstereotyp $#Stereotypen $74057329-1 $8Stereotyp [Ts1] $9085159530 
044K    $REuropa $#Westeuropa $#Westeuropa $#Europa, West $74079215-8 $8Westeuropa [Tg1] $9085224898 
045F    $a306.0943709034 $eDDC23BSB 
045F/01 $a306.09 
045F/03 $f09034 
045F/03 $f0904 
045F/03 $g437 
045F/03 $g496 
045R    $aGeschichte 1700-2013 

lok: 46881442 78

exp: 46881442 78 1 #EPN
201B/01 $008-09-20 $t16:30:10.000 
201C/01 $008-09-20 
201U/01 $0utf8 
203@/01 $01122627874 
208@/01 $a08-09-20 $be 
209A/01 $a/ $f000 $x00 
209A/01 $ab*p $x01 
220C/01 $apgar 
244Z/01 $#Ostmitteleuropa $#Ostmitteleuropa $#Mitteleuropa, Ost $#Central Europe Ostmitteleuropa $#Mittelosteuropa $74075753-5 $8--Tg1--Ostmitteleuropa $x01 $9085214485 
247C/01 $82080>Marburg/Lahn, Herder-Institut, Forschungsbibliothek, Bibliographieportal $9336309341
LEADER 00000caa a2200000 c 4500
001 468814426
003 DE-603
005 20200908225343.0
007 cr||||||||||||
008 200908s2015 xx |||| o| u00||u|eng c
024 7 |a 10.1080/0965156X.2015.1068581  |2 doi 
035 |a (DE-599)HEB468814426 
040 |a DE-603  |b ger  |c DE-603  |d DE-603  |e rda 
041 |a eng 
082 0 4 |8 1\u  |a 306.0943709034  |q DE-101  |2 23/BSB 
085 |8 1\u  |b 306.09 
085 |8 1\u  |z 1  |s 09034 
085 |8 1\u  |z 1  |s 0904 
085 |8 1\u  |z 2  |s 437 
085 |8 1\u  |z 2  |s 496 
100 1 |a Bideleux, Robert  |d 1951-  |e Verfasser  |4 aut  |0 (DE-603)201423138  |0 (DE-588)135782864  |2 gnd 
245 0 0 |a ˜Theœ “Orientalization” and “de-Orientalization” of East Central Europe and the Balkan Peninsula  |c Robert Bideleux 
264 0 |c 2015 
336 |a Text  |b txt  |2 rdacontent 
337 |a Computermedien  |b c  |2 rdamedia 
338 |a Online-Ressource  |b cr  |2 rdacarrier 
648 7 |a Geschichte 1700-2013  |2 gnd 
650 7 |a Orientalismus  |g Kulturwissenschaften  |0 (DE-588)1139293370  |0 (DE-603)416251951  |2 gnd 
650 7 |a Stereotyp  |0 (DE-588)4057329-1  |0 (DE-603)085159530  |2 gnd 
651 7 |a Ostmitteleuropa  |0 (DE-588)4075753-5  |0 (DE-603)085214485  |2 gnd 
651 7 |a Balkanhalbinsel  |0 (DE-588)4004334-4  |0 (DE-603)085003379  |2 gnd 
651 7 |a Westeuropa  |0 (DE-588)4079215-8  |0 (DE-603)085224898  |2 gnd 
773 0 8 |i Enthalten in  |t Journal of contemporary Central and Eastern Europe  |d Abingdon, Ofordshire : Routlegde, Taylor & Francis Group, 2015-  |h Online-Ressource  |x 2573-9646  |g Band 23, Heft 1 (2015), Seite 9-44  |w (DE-603)426937147  |w (DE-600)2922261-8 
924 1 |9 2080  |a (DE-603)1122627874  |b DE-2080  |c HES  |d d  |g /